Focus sur: Aragorn II - Tolkien - Statistiques

Statistiques générales
  • Ce quiz a été pris 333 fois
  • Le résultat moyen est 16 sur 29
Statistiques - réponses
Informations recherchées Réponses % Correct
Espèce Homme
98%
Première apparition Le Seigneur des Anneaux: La Communauté de l'Anneau
98%
Couleur des cheveux Noir
96%
Royaume Royaume réunifié de Gondor et d'Arnor
95%
Arpenteur
94%
Professions et titres Roi du Royaume Réunifié du Gondor et de l'Arnor
94%
Age durant lequel il vécut Troisième/Quatrième
94%
Epouse Arwen Undómiel
90%
Chef des Dúnedain du Nord
86%
Fraternité de l'Anneau
82%
Père Arathorn II
79%
Minas Tirith
74%
Groupes auxquels il appartient Coureurs du Nord
71%
Acteur l'interprétant dans les films Viggo Mortensen
71%
Lignée Númenor
70%
Nom de l'arme Narsil-Anduril
65%
Dúnadan
49%
Contrées Eriador
44%
Cités Fendeval
42%
Elessar Telcontar
41%
Fils Eldarion
19%
Autres noms et surnoms Estel
17%
Mère Gilraen
10%
Thorongil
8%
Longues-Cannes
5%
Edhelharn
4%
Envinyatar
4%
Lothlórien
4%
Pied-Ailé
3%
Aucun quiz correspondant
Distribution des résultats
% des personnes avec chaque résultat
Percentile par nombre de réponses
Votre historique - résultats
Vous n’avez pas pris ce quiz